It looks like you're offline.
Open Library logo
additional options menu

MARC Record from Scriblio

Record ID marc_records_scriblio_net/part08.dat:1355000:1070
Source Scriblio
Download Link /show-records/marc_records_scriblio_net/part08.dat:1355000:1070?format=raw

LEADER: 01070cam 2200265 4500
001 73608670 //r90
003 DLC
005 19900308173345.2
008 701007s1970 dcu 00010 eng
010 $a 73608670 //r90
040 $aDLC$cDLC$dDLC
041 0 $aengpol
043 $an-us---$ae-pl---
050 00 $aJX235.9$b.A32 no. 6890
082 00 $a341.2 s
110 10 $aUnited States.$kTreaties, etc. Poland, June 13, 1970.
245 10 $aFisheries in the western region of the middle Atlantic Ocean.$bAgreement between the United States of America and Poland, signed at Washington June 13, 1970, with exchange of letters.
260 0 $a[Washington;$bFor sale by the Supt. of Docs., U.S. Govt. Print. Off.,$c1970]
300 $a17 p.$c24 cm.
350 $a0.15
490 1 $aTreaties and other international acts series, 6890
500 $aEnglish and Polish.
650 0 $aFishery law and legislation$zUnited States.
650 0 $aFishery law and legislation$zPoland.
810 1 $aUnited States.$tTreaties, etc. (Treaties and other international acts series) ;$v6890.